Napoleón III / (Record no. 156716)

MARC details
000 -LEADER
campo de control de longitud fija 00681nam a22001935i 4500
001 - NÚMERO DE CONTROL
campo de control 156716
003 - IDENTIFICADOR DE NÚMERO DE CONTROL
campo de control ES-MaACL
005 - FECHA Y HORA DE LA ÚLTIMA TRANSACCIÓN
campo de control 20230906210459.0
008 - DATOS DE LONGITUD FIJA--INFORMACIÓN GENERAL
campo de control de longitud fija 040804s1853 fr |||| | fre d
100 1# - ENTRADA PRINCIPAL--NOMBRE DE PERSONA
Nombre de persona La Guéronnière, Arthur de (
Fechas asociadas al nombre 1816-1875)
9 (RLIN) 176174
245 10 - MENCIÓN DEL TÍTULO
Título Napoleón III /
Mención de responsabilidad, etc. par le Vte A. de La Guéronnière.
260 ## - PUBLICACIÓN, DISTRIBUCIÓN, ETC.
Lugar de publicación, distribución, etc. Paris :
Nombre del editor, distribuidor, etc. Amyot,
Fecha de publicación, distribución, etc. 1853 (
Fabricante Imp. de Ch. Lahure)
300 ## - DESCRIPCIÓN FÍSICA
Extensión 299, [1] p. ;
Dimensiones 18 cm.
490 1# - MENCIÓN DE SERIE
Mención de serie Portraits politiques contemporains ;
Designación de volumen o secuencia 1
600 04 - PUNTO DE ACCESO ADICIONAL DE MATERIA--NOMBRE DE PERSONA
Nombre de persona Napoleón
Numeración III
Títulos y otros términos asociados al nombre Emperador de Francia.
9 (RLIN) 84912
830 1# - PUNTO DE ACCESO ADICIONAL DE SERIE-TÍTULO UNIFORME
Título uniforme Portraits politiques contemporains ;
Designación de volumen o secuencia 1
9 (RLIN) 221711
852 4# - LOCALIZACIÓN
Ubicación ES-MaACL
Número de control de estantería G-9905
Nota libre - Enc. hol.
Holdings
Estatus retirado Estado de pérdida Estado de daño No para préstamo Colección Biblioteca de origen Biblioteca actual Ubicación en estantería Fecha de adquisición Fuente de adquisición Total de préstamos Signatura topográfica completa Código de barras Visto por última vez Precio de reemplazo Tipo de ítem Koha
        Libros del s. XIX Biblioteca del Ateneo de Madrid Biblioteca del Ateneo de Madrid Sala Pecera Planta 3 17/01/2008     G-9905 1163962 23/02/2023 23/02/2023 Libro impreso antiguo